[Event "Titled Tuesday intern op 04th Feb Late"]
[Site "Chess.com INT"]
[Date "2025.02.04"]
[Round "2"]
[White "Blanco Diez, David"]
[Black "Orshonova, Elena"]
[Result "1-0"]
[WhiteElo "2290"]
[BlackElo "1948"]
[PlyCount "57"]
[EventDate "2025.02.04"]
[EventType "swiss (blitz)"]
[EventRounds "11"]
[EventCountry "USA"]
[SourceTitle "CB07_2025"]
[SourceDate "2025.02.12"]
[SourceVersion "1"]
[SourceVersionDate "2025.02.12"]
[SourceQuality "1"]

1. Nf3 Nf6 2. b3 g6 3. Bb2 Bg7 4. g3 0-0 5. Bg2 d5 6. c4 c6 7. 0-0 Nbd7 8. d4 Ne4 9. Nc3 Ndf6 10. e3 Nxc3 11. Bxc3 Ne4 12. Bb2 Be6 13. cxd5 Bxd5 14. Qc2 Rc8 15. Ne5 Nf6 16. e4 Be6 17. Rad1 Nd7 18. Nc4 f5 19. d5 cxd5 20. Bxg7 Kxg7 21. exd5 Bf7 22. Rfe1 Nf6 23. Qe2 Re8 24. Qe5 Qc7 25. d6 exd6 26. Qxd6 Rxe1+ 27. Rxe1 Qxd6 28. Nxd6 Rc2 29. Re7 1-0

[Event "Titled Tuesday intern op 04th Feb Late"]
[Site "Chess.com INT"]
[Date "2025.02.04"]
[Round "4"]
[White "Khatoev, Eduard"]
[Black "Blanco Diez, David"]
[Result "1-0"]
[WhiteElo "2409"]
[BlackElo "2290"]
[PlyCount "107"]
[EventDate "2025.02.04"]
[EventType "swiss (blitz)"]
[EventRounds "11"]
[EventCountry "USA"]
[SourceTitle "CB07_2025"]
[SourceDate "2025.02.12"]
[SourceVersion "1"]
[SourceVersionDate "2025.02.12"]
[SourceQuality "1"]

1. d4 Nf6 2. Nf3 e6 3. e3 b6 4. Bd3 Bb7 5. 0-0 d5 6. b3 Bd6 7. Bb2 0-0 8. c4 c5 9. cxd5 Nxd5 10. Nbd2 Nc6 11. Ne4 cxd4 12. Nxd6 Qxd6 13. Nxd4 Nxd4 14. Bxd4 Nf4 15. exf4 Qd5 16. Qf3 Qxd4 17. Bxh7+ Kxh7 18. Qxb7 Qxf4 19. g3 Qf6 20. Rac1 Qb2 21. Qe4+ Kg8 22. Rc2 Qa3 23. Rd1 Rad8 24. Rxd8 Rxd8 25. h4 Qa5 26. a4 g6 27. Rc7 a6 28. Qf3 Rf8 29. Rb7 Qc5 30. Qe3 Qxe3 31. fxe3 b5 32. axb5 axb5 33. Rxb5 Rc8 34. Kf2 Kg7 35. g4 Rc2+ 36. Kf3 Rh2 37. Kg3 Re2 38. Kf3 Rh2 39. h5 gxh5 40. gxh5 Rb2 41. b4 Rb3 42. Ke4 f6 43. Kd4 Rb1 44. Rb6 Rd1+ 45. Ke4 e5 46. b5 Re1 47. Rb8 Kf7 48. b6 Rb1 49. b7 Kg7 50. h6+ Kh7 51. Kf5 Rf1+ 52. Ke6 Rb1 53. Kxf6 Rb5 54. e4 1-0

[Event "Titled Tuesday intern op 07th Jan Early"]
[Site "Chess.com INT"]
[Date "2025.01.07"]
[Round "8"]
[White "Kim, Sergey2"]
[Black "Blanco Diez, David"]
[Result "1-0"]
[WhiteElo "2295"]
[BlackElo "2274"]
[PlyCount "81"]
[EventDate "2025.01.07"]
[EventType "swiss (blitz)"]
[EventRounds "11"]
[EventCountry "USA"]
[SourceTitle "CB03_2025"]
[SourceDate "2025.01.15"]
[SourceVersion "1"]
[SourceVersionDate "2025.01.15"]
[SourceQuality "1"]

1. d4 Nf6 2. c4 e6 3. Nc3 Bb4 4. Qc2 d6 5. a3 Bxc3+ 6. Qxc3 0-0 7. Nf3 b6 8. g3 Bb7 9. Bg2 Nbd7 10. 0-0 Qe7 11. b4 a5 12. b5 e5 13. dxe5 dxe5 14. a4 Ne4 15. Qc2 Nec5 16. Ng5 f5 17. Nf3 Be4 18. Qc3 h6 19. Ba3 Rae8 20. Nh4 Bxg2 21. Kxg2 Qe6 22. Qc2 e4 23. Kg1 g5 24. Ng2 f4 25. gxf4 gxf4 26. Kh1 Rf5 27. Rg1 Kh7 28. Bb2 Ref8 29. Nxf4 Qf7 30. Rg7+ Qxg7 31. Bxg7 Kxg7 32. Rg1+ Rg5 33. Nh3 Rxg1+ 34. Kxg1 Rf5 35. f3 Rh5 36. Nf4 Rh4 37. Nd5 exf3 38. exf3 Ne5 39. Qe2 Ncd3 40. f4 Rg4+ 41. Kf1 1-0

[Event "Titled Tuesday intern op 26th Nov Late"]
[Site "Chess.com INT"]
[Date "2024.11.26"]
[Round "8"]
[White "Blanco Diez, David"]
[Black "Georg, Heinz"]
[Result "0-1"]
[WhiteElo "2272"]
[BlackElo "2050"]
[PlyCount "120"]
[EventDate "2024.11.26"]
[EventType "swiss (blitz)"]
[EventRounds "11"]
[EventCountry "USA"]
[SourceTitle "CB49_2024"]
[SourceDate "2024.12.04"]
[SourceVersion "1"]
[SourceVersionDate "2024.12.04"]
[SourceQuality "1"]

1. Nf3 f5 2. d3 Nc6 3. d4 e6 4. g3 d6 5. Bg2 e5 6. dxe5 dxe5 7. Qxd8+ Kxd8 8. e4 Nf6 9. exf5 Bxf5 10. c3 Bc5 11. 0-0 Ke7 12. Re1 Bd6 13. Nxe5 Nxe5 14. f4 Nfd7 15. fxe5 Nxe5 16. Bf4 Kf6 17. Bxe5+ Bxe5 18. Nd2 c6 19. Rf1 Kg6 20. Be4 Bxe4 21. Nxe4 Rhf8 22. Rad1 Rad8 23. Rxd8 Rxd8 24. Re1 Bc7 25. Kg2 Bb6 26. Re2 a5 27. a4 Rd1 28. Rd2 Rxd2+ 29. Nxd2 Kf5 30. Kf3 Bc7 31. h3 b5 32. b3 Ke5 33. Ke3 Kd5 34. g4 Bg3 35. Kd3 Bf4 36. c4+ Kc5 37. cxb5 cxb5 38. axb5 Kxb5 39. Nc4 Bc7 40. Nd2 Kc5 41. Kc2 Kd4 42. Nf3+ Ke3 43. Ng5 h6 44. Ne6 Be5 45. h4 Kf3 46. g5 h5 47. g6 Kg4 48. Nc5 Kxh4 49. Nb7 Bc7 50. Kd3 Kg5 51. Kc4 Kxg6 52. Kc5 h4 53. Kc6 Bf4 54. Nc5 h3 55. Nd3 h2 56. Nf2 Bd2 57. Kb5 Kf5 58. Kc4 Be1 59. Nh1 Kf4 60. Kd3 Kf3 0-1

[Event "Titled Tuesday intern op 20th Aug Early"]
[Site "Chess.com INT"]
[Date "2024.08.20"]
[Round "10"]
[White "Blanco Diez, David"]
[Black "Sabarez, Iulian"]
[Result "1-0"]
[WhiteElo "2296"]
[BlackElo "2022"]
[PlyCount "57"]
[EventDate "2024.08.20"]
[EventType "swiss (blitz)"]
[EventRounds "11"]
[EventCountry "USA"]
[SourceTitle "EXT 2025"]
[Source "ChessBase"]
[SourceDate "2024.10.14"]
[SourceVersion "1"]
[SourceVersionDate "2024.10.14"]
[SourceQuality "1"]

1. Nf3 d5 2. g3 Nf6 3. Bg2 c6 4. 0-0 Bg4 5. Ne5 Bf5 6. c4 Nbd7 7. Nxd7 Qxd7 8. cxd5 cxd5 9. d4 e6 10. Nc3 Bd6 11. Qb3 0-0 12. Nb5 Rfc8 13. Nxd6 Qxd6 14. Bf4 Qa6 15. Rfc1 h6 16. Bf1 b6 17. e4 Qb7 18. exf5 exf5 19. Bg2 Ne4 20. Qd3 g5 21. Be3 Qe7 22. Re1 Qb4 23. b3 Rc3 24. Qe2 Rac8 25. Qh5 R8c6 26. h4 g4 27. Bxe4 fxe4 28. Qxd5 Re6 29. Qf5 1-0

[Event "ESP-ch Rapid"]
[Site "Mengibar"]
[Date "2024.08.17"]
[Round "5"]
[White "Suarez Gomez, Julio"]
[Black "Blanco Diez, David"]
[Result "1-0"]
[WhiteElo "2492"]
[BlackElo "2296"]
[PlyCount "79"]
[EventDate "2024.08.17"]
[EventType "swiss (rapid)"]
[EventRounds "10"]
[EventCountry "ESP"]
[SourceTitle "CBM 221 Extra"]
[Source "ChessBase"]
[SourceDate "2024.09.30"]
[SourceVersion "1"]
[SourceVersionDate "2024.09.30"]
[SourceQuality "1"]

1. e4 c5 2. Nf3 d6 3. d4 cxd4 4. Nxd4 Nf6 5. Nc3 Nc6 6. Bg5 e6 7. Qd3 Bd7 8. 0-0-0 a6 9. Nb3 Rc8 10. Kb1 Be7 11. Bxf6 gxf6 12. f4 b5 13. Ne2 Nb4 14. Qd2 Nc6 15. Ng3 h5 16. Be2 h4 17. Nf1 Qb6 18. Ne3 a5 19. Rhf1 a4 20. Nc1 b4 21. Nc4 Qc7 22. Nxd6+ Bxd6 23. Qxd6 Qxd6 24. Rxd6 Ke7 25. Rfd1 Be8 26. R6d2 Rg8 27. Bf3 e5 28. Ne2 Rc7 29. c3 Bd7 30. f5 Rb8 31. cxb4 Nxb4 32. a3 Na6 33. Nc3 Bc6 34. Rc1 Rcb7 35. Nd5+ Bxd5 36. exd5 Rb6 37. d6+ Kd7 38. Bd1 Rxd6 39. Bxa4+ Ke7 40. Rxd6 1-0

[Event "Titled Tuesday intern op 13th Aug Late"]
[Site "Chess.com INT"]
[Date "2024.08.13"]
[Round "4"]
[White "Blanco Diez, David"]
[Black "Erten, Kerem"]
[Result "1/2-1/2"]
[WhiteElo "2296"]
[BlackElo "2331"]
[PlyCount "49"]
[EventDate "2024.08.13"]
[EventType "swiss (blitz)"]
[EventRounds "11"]
[EventCountry "USA"]
[SourceTitle "EXT 2025"]
[Source "ChessBase"]
[SourceDate "2024.10.14"]
[SourceVersion "1"]
[SourceVersionDate "2024.10.14"]
[SourceQuality "1"]

1. Nf3 Nf6 2. g3 g6 3. Bg2 Bg7 4. 0-0 d5 5. d4 0-0 6. c3 c6 7. a4 a5 8. Bf4 Qb6 9. Qc1 Bf5 10. h3 h5 11. Ng5 Nbd7 12. Nd2 Rfe8 13. e4 dxe4 14. Ngxe4 Nxe4 15. Nxe4 Nf6 16. Nxf6+ Bxf6 17. Re1 Rad8 18. Be5 Bxe5 19. Rxe5 Qc7 20. Rxf5 gxf5 21. Qg5+ Kf8 22. Qh6+ Kg8 23. Qg5+ Kf8 24. Qh6+ Kg8 25. Qg5+ 1/2-1/2

[Event "Titled Tuesday intern op 13th Aug Early"]
[Site "Chess.com INT"]
[Date "2024.08.13"]
[Round "7"]
[White "Blanco Diez, David"]
[Black "Kharmunova, Nadezhda"]
[Result "1-0"]
[WhiteElo "2296"]
[BlackElo "2022"]
[PlyCount "25"]
[EventDate "2024.08.13"]
[EventType "swiss (blitz)"]
[EventRounds "11"]
[EventCountry "USA"]
[SourceTitle "EXT 2025"]
[Source "ChessBase"]
[SourceDate "2024.10.14"]
[SourceVersion "1"]
[SourceVersionDate "2024.10.14"]
[SourceQuality "1"]

1. Nf3 Nf6 2. b3 g6 3. Bb2 Bg7 4. g3 d6 5. d4 0-0 6. Bg2 c5 7. 0-0 Nc6 8. c4 cxd4 9. Nxd4 Nxd4 10. Qxd4 Qc7 11. Nc3 Ng4 12. Qxg7+ Kxg7 13. Nd5+ 1-0

[Event "Benasque op 43rd"]
[Site "Benasque"]
[Date "2024.07.06"]
[Round "2"]
[White "Barranco Mananet, Fernando"]
[Black "Blanco Diez, David"]
[Result "0-1"]
[WhiteElo "1978"]
[BlackElo "2308"]
[PlyCount "64"]
[EventDate "2024.07.05"]
[EventType "swiss"]
[EventRounds "10"]
[EventCountry "ESP"]
[SourceTitle "CBM 221 Extra"]
[Source "ChessBase"]
[SourceDate "2024.09.30"]
[SourceVersion "1"]
[SourceVersionDate "2024.09.30"]
[SourceQuality "1"]

1. e4 c5 2. Nf3 d6 3. Bb5+ Bd7 4. Bxd7+ Nxd7 5. c4 Ngf6 6. Nc3 e6 7. d4 cxd4 8. Nxd4 a6 9. b3 Qa5 10. Bd2 Nxe4 11. Nxe4 Qe5 12. Qf3 Nc5 13. 0-0 Qxe4 14. Qxe4 Nxe4 15. Be3 Be7 16. Rac1 Rc8 17. b4 0-0 18. Nb3 Bf6 19. Na5 b5 20. c5 dxc5 21. Bxc5 Nxc5 22. bxc5 Rfd8 23. Nb3 Kf8 24. Rfd1 Bb2 25. Rb1 Ba3 26. Kf1 Ke7 27. Rxd8 Rxd8 28. Na5 Rd2 29. Nc6+ Kd7 30. Nb8+ Kc7 31. Nxa6+ Kc6 32. Ra1 Kb7 0-1

[Event "Titled Tuesday intern op 30th Apr Late"]
[Site "Chess.com INT"]
[Date "2024.04.30"]
[Round "9"]
[White "Blanco Diez, David"]
[Black "Reinecke, Katharina"]
[Result "1-0"]
[WhiteElo "2308"]
[BlackElo "1962"]
[PlyCount "53"]
[EventDate "2024.04.30"]
[EventType "swiss (blitz)"]
[EventRounds "11"]
[EventCountry "USA"]
[SourceTitle "EXT 2025"]
[Source "ChessBase"]
[SourceDate "2024.10.14"]
[SourceVersion "1"]
[SourceVersionDate "2024.10.14"]
[SourceQuality "1"]

1. d4 d5 2. Nc3 Nf6 3. Bg5 e6 4. e4 h6 5. Bxf6 gxf6 6. exd5 exd5 7. Qh5 c6 8. 0-0-0 Be6 9. Bd3 Nd7 10. f4 Nb6 11. f5 Bd7 12. Nf3 Be7 13. Rde1 Nc4 14. Qh4 Kf8 15. g4 Qb6 16. Bxc4 dxc4 17. Rxe7 Kxe7 18. Re1+ Kf8 19. Qxf6 Kg8 20. Re7 Be8 21. g5 hxg5 22. Nxg5 Rxh2 23. Rxe8+ Rxe8 24. Qxf7+ Kh8 25. Qxe8+ Kg7 26. Qf7+ Kh6 27. Qg6# 1-0

[Event "Titled Tuesday intern op 30th Apr Late"]
[Site "Chess.com INT"]
[Date "2024.04.30"]
[Round "8"]
[White "Odeh, Kenneth"]
[Black "Blanco Diez, David"]
[Result "0-1"]
[WhiteElo "1959"]
[BlackElo "2308"]
[PlyCount "74"]
[EventDate "2024.04.30"]
[EventType "swiss (blitz)"]
[EventRounds "11"]
[EventCountry "USA"]
[SourceTitle "EXT 2025"]
[Source "ChessBase"]
[SourceDate "2024.10.14"]
[SourceVersion "1"]
[SourceVersionDate "2024.10.14"]
[SourceQuality "1"]

1. e4 d5 2. exd5 Qxd5 3. Nc3 Qd8 4. Nf3 Nf6 5. Bc4 e6 6. 0-0 Be7 7. Re1 0-0 8. d4 Nbd7 9. Bf4 c6 10. Qe2 Nb6 11. Bb3 Nbd5 12. Bd2 a5 13. Ne5 c5 14. dxc5 Bxc5 15. Rad1 Nxc3 16. Bxc3 Qb6 17. Nc4 Qc7 18. Bxf6 gxf6 19. Ne3 Qf4 20. Qg4+ Qxg4 21. Nxg4 Kg7 22. Bc4 h5 23. Ne3 f5 24. Be2 h4 25. Nc4 Kf6 26. Kf1 b6 27. a3 Rg8 28. Bf3 Ra7 29. Nd6 Ba6+ 30. Kg1 Rd8 31. Ne4+ fxe4 32. Rxd8 exf3 33. gxf3 Rc7 34. f4 Be7 35. Rd2 Rc4 36. f5 Rg4+ 37. Kh1 Bb7+ 0-1

[Event "Titled Tuesday intern op 09th Apr Late"]
[Site "Chess.com INT"]
[Date "2024.04.09"]
[Round "1"]
[White "Blanco Diez, David"]
[Black "Mahdavi, Reza"]
[Result "0-1"]
[WhiteElo "2308"]
[BlackElo "2362"]
[PlyCount "70"]
[EventDate "2024.04.09"]
[EventType "swiss (blitz)"]
[EventRounds "11"]
[EventCountry "USA"]
[SourceTitle "EXT 2025"]
[Source "ChessBase"]
[SourceDate "2024.10.14"]
[SourceVersion "1"]
[SourceVersionDate "2024.10.14"]
[SourceQuality "1"]

1. d4 d5 2. Nc3 Nf6 3. Bg5 h6 4. Bxf6 exf6 5. e3 c6 6. Bd3 Nd7 7. Qf3 g6 8. h3 h5 9. Nge2 Be7 10. 0-0-0 Nb6 11. g4 Qc7 12. Nf4 h4 13. e4 Bd6 14. e5 fxe5 15. dxe5 Bxe5 16. Rhe1 0-0 17. Ng2 Bd7 18. Nxh4 Rae8 19. Rg1 Qd6 20. Nf5 Qb4 21. Qg2 Bxc3 22. bxc3 Qa3+ 23. Kd2 Na4 24. Rb1 Qxc3+ 25. Kd1 Nb2+ 26. Rxb2 Qxb2 27. g5 Bxf5 28. Bxf5 gxf5 29. g6 f6 30. g7 Rf7 31. Qg6 Rfe7 32. Qh5 Qd4+ 33. Kc1 Re1+ 34. Rxe1 Rxe1+ 35. Qd1 Rxd1# 0-1